000 00576nam a2200241 a 4500
001 nice12345678
003 IN_TiNIC
005 20260116012823.0
008 050524s1978 hyda grp 000 0 urd
020 _a
_c3.5
082 0 0 _a891.4393
_bBEK
100 _aBekal, Kedar Nath
245 _aMuntakhab Afsaney
260 _aHyderabad
_bHyder and Sons
_c1978
300 _a144p
500 _aincludes index and biblioraphy
505 2 _aBibliography
650 _aUrdu-Literature
700 1 _aBekal, Kedar Nath
902 _bSRS
942 _cBK
999 _c8516
_d8516